| 000 | 00459nam a2200181Ia 4500 | ||
|---|---|---|---|
| 008 | 230917s9999||||xx |||||||||||||| ||und|| | ||
| 020 | _cRS250 | ||
| 040 |
_e219494 _aMAIN |
||
| 041 | _aEnglish | ||
| 082 | _a910.02 S94B(8) | ||
| 100 | _aSavinder Singh | ||
| 245 | 0 | _aBhautik bhoogol | |
| 250 | _a8th ed. | ||
| 260 |
_aAllahabad _bPrayag Pustak Bhawan _c2014 |
||
| 300 | _a639 p. | ||
| 500 | _a1660 05/11/2014 IN1512 10/11/2014 Main Budget | ||
| 942 | _cBK | ||
| 999 |
_c12433 _d12433 |
||